00942cam a22002411 450000100060000000300080000600500170001400800390003103500190007003500200008904000380010904100080014708200190015511000780017424502020025226000390045430000290049341000670052250400290058965000150061871000300063371000370066310920BD-RjUL20211208235036.0161026s1961 enka b 100 0 eng a(BD-RjUL)10969 a(OCoLC)10454512 aDLCcMnUdMBNUdDLCdBD-RjULbeng aeng a546 bINI 19612 aInternational Symposium on Inorganic Polymersd(1961 :cNottingham, Eng.)10aInorganic polymers :bthe lectures delivered at an international symposium held at Nottingham on 18th-21st July, 1961. /cOrganised jointly by the University of Nottingham and the Chemical Society. aLondon :bChemical Society,c1961. a146 p. :bill. ;c21 cm.20aChemical Society (Great Britain)tSpecial publication,vno. 15 aIncludes bibliographies. 0a polymers.2 aUniversity of Nottingham.2 aChemical Society (Great Britain)